Temporary dwellings /

Bibliographic Details
Main Author: Janowitz, Phyllis
Format: Book
Language:English
Published: Pittsburgh, Pa. : University of Pittsburgh Press, [1988]
Series:Pitt poetry series.

MARC

Tag First Indicator Second Indicator Subfields
LEADER 00000cam a2200000 a 4500
001 in00000010865
005 20151007051931.0
008 870604s1988 pau s00010 eng
010 |a  87040221  
020 |a 0822953943 (pbk.) 
020 |a 082293566X (hard) 
035 |a (OCoLC)16087107 
035 |9 AAA5527AM 
040 |a DLC  |c DLC  |d TXA  |d UtOrBLW 
049 |a TXAM  |c [A11034912] 
050 0 0 |a PS3560.A534  |b T4 1988 
082 0 |a 811/.54  |2 19 
100 1 |a Janowitz, Phyllis. 
245 1 0 |a Temporary dwellings /  |c Phyllis Janowitz. 
264 1 |a Pittsburgh, Pa. :  |b University of Pittsburgh Press,  |c [1988] 
264 4 |c ©1988 
300 |a 77 pages ;  |c 21 cm. 
336 |a text  |b txt  |2 rdacontent 
337 |a unmediated  |b n  |2 rdamedia 
338 |a volume  |b nc  |2 rdacarrier 
490 1 |a Pitt poetry series 
830 0 |a Pitt poetry series. 
999 |a MARS 
999 f f |s f2a32d76-f4bb-3809-bce6-af4cc3c610e3  |i 37b76a9c-d36e-3d5b-a09e-cbff3117057b  |t 0 
952 f f |p ric  |a Texas A&M University  |b Rellis Campus  |c Joint Library Facility  |d Remote Storage  |t 0  |e PS3560.A534 T4 1988  |h Library of Congress classification  |i unmediated -- volume  |m A14811034912 
998 f f |a PS3560.A534 T4 1988  |t 0  |l Remote Storage